[Event "ChessOrg Schachfestival 2024 Bad Wörishofen"]
[White "Auterhoff, Juergen"]
[Black "Auschkalnis, Reinhard"]
[Site "Bad Woerishofen"]
[Round "8.66"]
[Annotator "wempe"]
[Result "0-1"]
[Date "2024.??.??"]
[WhiteElo "1838"]
[BlackElo "1732"]
[PlyCount "120"]
[GameId "2116160371542942"]
[EventDate "2024.03.15"]

1. e4 c5 2. Nf3 d6 3. d4 cxd4 4. Nxd4 Nf6 5. Nc3 a6 6. Be2 e5 7. Nb3 Be7 8. Be3 Be6 9. O-O O-O 10. f4 b5 11. a3 Qc8 12. f5 Bc4 13. Nd2 Bxe2 14. Qxe2 Qb7 15. Rfd1 Nbd7 16. b4 Rfc8 17. Qd3 Qc6 18. Ndb1 Nb6 19. Ra2 Nc4 20. Bf2 h6 21. Nd5 Nxd5 22. Qxd5 Qxd5 23. Rxd5 Kf8 24. Kf1 Ke8 25. Ke2 Bd8 26. Nd2 Ke7 27. Bh4+ f6 28. Bf2 Nxd2 29. Kxd2 Rc4 30. Rd3 Rac8 31. Rg3 Kf7 32. Rd3 R8c6 33. Bc5 dxc5 34. Rxd8 Rxe4 35. bxc5 Rxc5 36. Rd7+ Kg8 37. h3 h5 38. g3 Rd4+ 39. Rxd4 exd4 40. Rb2 Rc3 41. Rb3 Rc4 42. Kd3 Kf7 43. Ke4 Ke7 44. Kd5 Kd7 45. Rd3 Rxc2 46. Kxd4 Kc6 47. Re3 Rc4+ 48. Kd3 Ra4 49. Kc2 a5 50. Kb3 Rd4 51. Re7 Rd3+ 52. Kb2 Rxg3 53. h4 Rf3 54. Rxg7 Rxf5 55. Ra7 a4 56. Rh7 Kd5 57. Kc3 Ke4 58. Kb4 Kf3 59. Rg7 Rf4+ 60. Kxb5 Rxh4 0-1

[Event "ChessOrg Schachfestival 2024 Bad Wörishofen"]
[White "Schoknecht, Sabine"]
[Black "Jovi, Klaus"]
[Site "Bad Woerishofen"]
[Round "8.67"]
[Annotator "wempe"]
[Result "1-0"]
[Date "2024.??.??"]
[WhiteElo "1816"]
[BlackElo "1709"]
[PlyCount "57"]
[GameId "2116161144089858"]
[EventDate "2024.03.15"]

1. b3 e5 2. Bb2 Nc6 3. e3 Nf6 4. Be2 d6 5. d3 g6 6. Nc3 Bg7 7. Nf3 Bg4 8. h3 Bxf3 9. Bxf3 O-O 10. g4 Re8 11. g5 Nd7 12. h4 Nb6 13. Qd2 d5 14. O-O-O f6 15. gxf6 Qxf6 16. Qe2 a6 17. Nxd5 Nxd5 18. Bxd5+ Kh8 19. Rdg1 Rad8 20. Be4 Qd6 21. h5 Kg8 22. hxg6 h6 23. Rg2 Rf8 24. Rgh2 Rd7 25. Kb1 b5 26. Rh5 Ne7 27. Rg1 c5 28. f3 Rf6 29. Bxe5 1-0

[Event "ChessOrg Schachfestival 2024 Bad Wörishofen"]
[White "Narr, Irmgard"]
[Black "Walther, Renate"]
[Site "Bad Woerishofen"]
[Round "8.68"]
[Annotator "wempe"]
[Result "1-0"]
[Date "2024.??.??"]
[WhiteElo "1755"]
[BlackElo "1561"]
[PlyCount "67"]
[GameId "2116159405763015"]
[EventDate "2024.03.15"]

1. e4 e5 2. Nf3 Nc6 3. Bc4 Nf6 4. d3 Be7 5. c3 O-O 6. Be3 d5 7. exd5 Nxd5 8. O-O Be6 9. Nbd2 Qd7 10. Bb5 a6 11. Ba4 b5 12. Bc2 Bf5 13. Re1 b4 14. Ne4 Nf6 15. Nxf6+ Bxf6 16. Bc5 Be7 17. Bxe7 Qxe7 18. Qd2 f6 19. Ba4 Bd7 20. d4 Qd6 21. Bb3+ Kh8 22. d5 Ne7 23. c4 Ng6 24. Bc2 f5 25. Qg5 Rae8 26. h4 Qf6 27. Qxf6 gxf6 28. g3 Rg8 29. Kh2 e4 30. Nd4 Ne5 31. b3 Ng4+ 32. Kg2 e3 33. f3 Ne5 34. Bxf5 1-0

[Event "ChessOrg Schachfestival 2024 Bad Wörishofen"]
[White "Mahrla, Hans"]
[Black "Semisch, Helga"]
[Site "Bad Woerishofen"]
[Round "8.69"]
[Annotator "wempe"]
[Result "1-0"]
[Date "2024.??.??"]
[WhiteElo "1722"]
[BlackElo "1636"]
[PlyCount "61"]
[GameId "2116161731927590"]
[EventDate "2024.03.15"]

{[%evp 0,61,31,38,75,-14,29,7,42,38,99,100,119,123,121,108,107,101,101,98,109,107,107,107,104,64,60,60,62,67,69,57,62,48,48,44,61,15,77,39,140,79,81,18,220,176,278,256,265,283,374,288,538,257,275,115,276,89,272,286,180,-106,-118,-251]} 1. e4 c6 2. f4 d5 3. e5 e6 4. d4 f5 5. Nf3 Ne7 6. Be2 Ng6 7. O-O Be7 8. c3 O-O 9. Be3 Nd7 10. g3 c5 11. Nbd2 b6 12. Ng5 Bxg5 13. fxg5 a6 14. h4 Ne7 15. g4 Bb7 16. h5 cxd4 17. cxd4 b5 18. Rc1 Qa5 19. a3 b4 20. Nb3 Qb6 21. axb4 Qxb4 22. Bd2 Qb6 23. Ba5 Qa7 24. Bb4 Rfe8 25. Rc7 Rad8 26. Qc2 Qb6 27. Bd6 Nc6 28. Rd1 Nb4 29. Qd2 Nc6 30. Rc1 Qxb3 31. Rc3 1-0

[Event "ChessOrg Schachfestival 2024 Bad Wörishofen"]
[White "Heid, Magdalene"]
[Black "Eigenmann, Christina"]
[Site "Bad Woerishofen"]
[Round "8.70"]
[Annotator "wempe"]
[Result "1/2-1/2"]
[Date "2024.??.??"]
[WhiteElo "1714"]
[BlackElo "1799"]
[PlyCount "51"]
[GameId "2116176446330686"]
[EventDate "2024.03.15"]

1. e4 c6 2. d4 d5 3. exd5 cxd5 4. Bd3 Nc6 5. c3 e5 6. dxe5 Nxe5 7. Bb5+ Nc6 8. Ne2 a6 9. Ba4 b5 10. Bc2 Bc5 11. Nd4 Nxd4 12. cxd4 Bd6 13. a3 Ne7 14. Bg5 Qc7 15. h3 Nc6 16. Nc3 Be6 17. Qd3 f6 18. Bd2 Qf7 19. Ne2 Ne7 20. Rc1 Rc8 21. O-O Bf5 22. Qb3 Bxc2 23. Rxc2 Rxc2 24. Qxc2 O-O 25. Rc1 Rc8 26. Qd3 1/2-1/2

[Event "ChessOrg Schachfestival 2024 Bad Wörishofen"]
[White "Pirrot, Dieter"]
[Black "Okrajek, Alexander"]
[Site "Bad Woerishofen"]
[Round "9.1"]
[Annotator "wempe"]
[Result "1/2-1/2"]
[Date "2024.??.??"]
[WhiteElo "2313"]
[BlackElo "2128"]
[PlyCount "45"]
[GameId "2116941223497800"]
[EventDate "2024.03.16"]

1. e4 d5 2. exd5 Qxd5 3. Nf3 Nf6 4. d4 c6 5. Be2 Bf5 6. O-O e6 7. c4 Qa5 8. Nc3 Nbd7 9. a3 Be7 10. Bf4 O-O 11. b4 Qd8 12. d5 exd5 13. cxd5 Ne4 14. Nxe4 Bxe4 15. dxc6 bxc6 16. Rc1 a5 17. Qd4 Nf6 18. Qxd8 Bxd8 19. b5 cxb5 20. Bd6 Re8 21. Bxb5 Re6 22. Rfd1 Be7 23. Bxe7 1/2-1/2

[Event "ChessOrg Schachfestival 2024 Bad Wörishofen"]
[White "Luciani, Carlo"]
[Black "Kierzek, Matthias"]
[Site "Bad Woerishofen"]
[Round "9.2"]
[Annotator "wempe"]
[Result "1/2-1/2"]
[Date "2024.??.??"]
[WhiteElo "2162"]
[BlackElo "2112"]
[PlyCount "52"]
[GameId "2116941693055099"]
[EventDate "2024.03.16"]

1. e4 c6 2. Nc3 d5 3. Nf3 dxe4 4. Nxe4 Nf6 5. Nxf6+ exf6 6. Bc4 Bd6 7. O-O O-O 8. d4 Re8 9. Re1 Rxe1+ 10. Qxe1 Nd7 11. Bf1 Nf8 12. g3 Bf5 13. c4 Qd7 14. Be3 Re8 15. Qd2 Ng6 16. b4 Be4 17. Bg2 f5 18. Ne1 f4 19. gxf4 Qc7 20. Bxe4 Rxe4 21. Ng2 Nxf4 22. Nxf4 Bxf4 23. Bxf4 Rxf4 24. Re1 Rg4+ 25. Kf1 h6 26. f3 Rg6 1/2-1/2

[Event "ChessOrg Schachfestival 2024 Bad Wörishofen"]
[White "Matzat, Andre"]
[Black "Toenniges, Thomas"]
[Site "Bad Woerishofen"]
[Round "9.3"]
[Annotator "wempe"]
[Result "1/2-1/2"]
[Date "2024.??.??"]
[WhiteElo "2060"]
[BlackElo "2027"]
[PlyCount "91"]
[GameId "2116942288588945"]
[EventDate "2024.03.16"]

1. d4 e6 2. Bf4 d5 3. e3 c5 4. Nf3 Nc6 5. c3 cxd4 6. exd4 Bd6 7. Bg3 Nf6 8. Nbd2 Ng4 9. Bb5 Qc7 10. Bxd6 Qxd6 11. O-O Bd7 12. Re1 a6 13. Bxc6 bxc6 14. Nb3 Rb8 15. Qd2 O-O 16. Nc5 a5 17. Ne5 Nxe5 18. Rxe5 f6 19. Re2 Rbe8 20. Rae1 Bc8 21. Qe3 Kf7 22. Qg3 Qxg3 23. hxg3 g5 24. g4 Re7 25. f3 Rfe8 26. Kf2 e5 27. a4 e4 28. Re3 f5 29. gxf5 Bxf5 30. b4 axb4 31. cxb4 Rb8 32. Rb3 h5 33. a5 g4 34. a6 gxf3 35. gxf3 h4 36. fxe4 dxe4 37. Ke3 Rg8 38. Kf4 Bc8 39. Rxe4 Rg4+ 40. Kf3 Rgxe4 41. Nxe4 Bxa6 42. Rc3 Bb5 43. Nd6+ Ke6 44. Nxb5 cxb5 45. Kg4 Kd5 46. Rc5+ 1/2-1/2

[Event "ChessOrg Schachfestival 2024 Bad Wörishofen"]
[White "Heck, Norbert"]
[Black "Jahn, Peter"]
[Site "Bad Woerishofen"]
[Round "9.4"]
[Annotator "wempe"]
[Result "1/2-1/2"]
[Date "2024.??.??"]
[WhiteElo "2047"]
[BlackElo "2064"]
[PlyCount "31"]
[GameId "2116943806279835"]
[EventDate "2024.03.16"]

1. c4 e6 2. g3 d5 3. Bg2 Nf6 4. Nf3 dxc4 5. O-O c5 6. Na3 Nc6 7. Nxc4 Be7 8. d3 O-O 9. Bd2 Nd5 10. a4 b6 11. Qb3 a6 12. Rfd1 Bb7 13. e4 Ndb4 14. Bxb4 Nxb4 15. d4 Qc7 16. a5 1/2-1/2

[Event "ChessOrg Schachfestival 2024 Bad Wörishofen"]
[White "Baum, Bernd"]
[Black "Kierzek, Mira"]
[Site "Bad Woerishofen"]
[Round "9.5"]
[Annotator "wempe"]
[Result "1-0"]
[Date "2024.??.??"]
[WhiteElo "2201"]
[BlackElo "1977"]
[PlyCount "115"]
[GameId "2116944005066917"]
[EventDate "2024.03.16"]

1. g3 d5 2. Nf3 Nf6 3. Bg2 c6 4. c4 Bf5 5. Qb3 Qb6 6. Qxb6 axb6 7. cxd5 Nxd5 8. Na3 e6 9. d3 Bg6 10. O-O b5 11. Nc2 Nd7 12. Bd2 Be7 13. Nfd4 Bc5 14. Kh1 e5 15. Nxb5 N7b6 16. Nc3 O-O 17. a3 f5 18. Rac1 Bd6 19. Nxd5 Nxd5 20. Ne3 Nxe3 21. Bxe3 Rfd8 22. Bb6 Rdc8 23. Rfd1 Bh5 24. Rd2 Bf7 25. Kg1 Be6 26. e3 Kf7 27. d4 e4 28. Bf1 g6 29. Rdc2 Bd5 30. Be2 Ke6 31. Kf1 h5 32. Bc4 h4 33. Bxd5+ Kxd5 34. Bc5 hxg3 35. Bxd6 Kxd6 36. hxg3 Rh8 37. Kg2 Rh7 38. Rh1 Rah8 39. Rcc1 Kd5 40. Rxh7 Rxh7 41. Rc5+ Kd6 42. Re5 Rh8 43. g4 Rf8 44. Kg3 fxg4 45. Rxe4 c5 46. Rxg4 Rf6 47. Rf4 Re6 48. dxc5+ Kxc5 49. Kg4 Rb6 50. Rb4 Rf6 51. f4 b6 52. Kg5 Re6 53. e4 Kc6 54. f5 gxf5 55. exf5 Re2 56. f6 Rg2+ 57. Kf5 Rf2+ 58. Rf4 1-0

[Event "ChessOrg Schachfestival 2024 Bad Wörishofen"]
[White "Higatsberger, Michael"]
[Black "Geyer, Bernhard"]
[Site "Bad Woerishofen"]
[Round "9.6"]
[Annotator "wempe"]
[Result "0-1"]
[Date "2024.??.??"]
[WhiteElo "2037"]
[BlackElo "2119"]
[PlyCount "118"]
[GameId "2116945171103919"]
[EventDate "2024.03.16"]

1. e4 d6 2. d4 Nf6 3. Nc3 g6 4. Be3 Bg7 5. f3 Nbd7 6. Qd2 h6 7. O-O-O e5 8. Kb1 a6 9. g4 Ng8 10. f4 exf4 11. Bxf4 Nb6 12. h3 Ne7 13. Nf3 c6 14. d5 cxd5 15. Nxd5 Nbxd5 16. exd5 Qb6 17. c4 h5 18. Rg1 hxg4 19. hxg4 Bd7 20. Be3 Qc7 21. c5 Ng8 22. cxd6 Qxd6 23. Bf4 Qb6 24. Re1+ Kf8 25. Be3 Qd6 26. Rc1 Rc8 27. Rxc8+ Bxc8 28. Qc2 Ne7 29. Be2 Bd7 30. Rd1 Bxg4 31. Bc5 Qd7 32. Qc4 Bf5+ 33. Ka1 Kg8 34. Bd4 Qd6 35. Bc5 Qd8 36. Bd4 Bxd4 37. Qxd4 Qd6 38. a3 Bd7 39. Ne5 Nf5 40. Qc3 Rh4 41. Bg4 Ba4 42. Rd2 Rh1+ 43. Ka2 Nh6 44. b3 Be8 45. Bc8 Re1 46. Nf3 Re7 47. Rh2 Rc7 48. Qd2 Rxc8 49. Qxh6 Qf6 50. Ng5 Qg7 51. Qh4 Rc1 52. Rb2 Qe5 53. d6 Rd1 54. Qh7+ Kf8 55. Qh6+ Qg7 56. Qh2 Bd7 57. Qf4 Bf5 58. Qb4 Qe5 59. d7+ Kg7 0-1

[Event "ChessOrg Schachfestival 2024 Bad Wörishofen"]
[White "Heller, Achim"]
[Black "Scharrer, Udo"]
[Site "Bad Woerishofen"]
[Round "9.7"]
[Annotator "wempe"]
[Result "1/2-1/2"]
[Date "2024.??.??"]
[WhiteElo "2040"]
[BlackElo "1986"]
[PlyCount "45"]
[GameId "2116965837148345"]
[EventDate "2024.03.16"]

1. d4 d5 2. Nf3 Nf6 3. c4 e6 4. e3 c6 5. b3 Nbd7 6. Bd3 Bd6 7. Bb2 O-O 8. O-O Re8 9. Ne5 Qc7 10. f4 b5 11. Nd2 Bb7 12. Rc1 Rac8 13. Qe1 Qd8 14. Qh4 g6 15. Qh3 c5 16. Nxd7 Nxd7 17. Nf3 Bf8 18. Ng5 h6 19. Nf3 bxc4 20. bxc4 Bg7 21. Ne5 Nf6 22. Rcd1 Qc7 23. Rfe1 1/2-1/2

[Event "ChessOrg Schachfestival 2024 Bad Wörishofen"]
[White "Daeubler, Heinrich"]
[Black "Larem, Ewald"]
[Site "Bad Woerishofen"]
[Round "9.8"]
[Annotator "wempe"]
[Result "0-1"]
[Date "2024.??.??"]
[WhiteElo "2140"]
[BlackElo "1977"]
[PlyCount "26"]
[GameId "2116967620485433"]
[EventDate "2024.03.16"]

1. d4 d5 2. c4 e6 3. Nf3 Nf6 4. g3 Be7 5. Bg2 O-O 6. O-O b6 7. Nc3 Bb7 8. Ne5 Nbd7 9. Bf4 c5 10. cxd5 exd5 11. Qa4 cxd4 12. Nxd5 Bxd5 13. Bxd5 Nc5 0-1

[Event "ChessOrg Schachfestival 2024 Bad Wörishofen"]
[White "Schatz, Christian"]
[Black "Mueller, Erich"]
[Site "Bad Woerishofen"]
[Round "9.9"]
[Annotator "wempe"]
[Result "1/2-1/2"]
[Date "2024.??.??"]
[WhiteElo "2182"]
[BlackElo "2004"]
[PlyCount "67"]
[GameId "2116967893090628"]
[EventDate "2024.03.16"]

1. e4 d6 2. d4 Nf6 3. Nc3 e5 4. Nf3 Nbd7 5. Bc4 Be7 6. O-O O-O 7. Re1 c6 8. a4 a5 9. h3 h6 10. Be3 Re8 11. Qd2 Bf8 12. Rad1 Qc7 13. Nh4 Nb6 14. Bb3 Be6 15. Bxe6 Rxe6 16. b3 Ree8 17. f4 Rad8 18. Qf2 Nbd7 19. Nf5 Kh7 20. Qh4 Ng8 21. Rf1 Ndf6 22. Qf2 exd4 23. Rxd4 c5 24. Rc4 b6 25. g4 d5 26. exd5 Nxd5 27. Nxd5 Rxd5 28. Qf3 Qd7 29. Re4 Rxe4 30. Qxe4 g6 31. Ng3 f5 32. gxf5 gxf5 33. Qc4 Nf6 34. Re1 1/2-1/2

[Event "ChessOrg Schachfestival 2024 Bad Wörishofen"]
[White "Hinz, Holger"]
[Black "Ernst, Michael"]
[Site "Bad Woerishofen"]
[Round "9.10"]
[Annotator "wempe"]
[Result "0-1"]
[Date "2024.??.??"]
[WhiteElo "2001"]
[BlackElo "2100"]
[PlyCount "108"]
[GameId "2116968670278006"]
[EventDate "2024.03.16"]

1. e4 e6 2. d3 d5 3. Nd2 Nf6 4. Ngf3 b6 5. g3 dxe4 6. dxe4 Bb7 7. Qe2 Ba6 8. Nc4 Be7 9. e5 Nd5 10. Bg2 b5 11. Ne3 b4 12. Qd1 c6 13. Bf1 Qa5 14. Bxa6 Qxa6 15. Qe2 O-O 16. Nd4 Qb6 17. Qg4 h5 18. Qe4 Nd7 19. Nc4 Qa6 20. Nf3 N7b6 21. Nxb6 Nxb6 22. Bg5 Bc5 23. Qe2 Qxe2+ 24. Kxe2 Nc4 25. b3 Nb6 26. Rad1 Nd5 27. Bd2 a5 28. Ng5 a4 29. Ne4 Be7 30. c4 bxc3 31. Nxc3 axb3 32. axb3 Rfb8 33. Rb1 Nxc3+ 34. Bxc3 Ra2+ 35. Kd3 Rxf2 36. Kc4 Ra8 37. Rb2 Ra2 38. Rxa2 Rxa2 39. h3 Rg2 40. Be1 g5 41. h4 gxh4 42. gxh4 Re2 43. Bc3 Re4+ 44. Kd3 Rxh4 45. Rc1 c5 46. Ra1 Kg7 47. Ra7 Bf8 48. Bd2 Kg6 49. Ra8 Bg7 50. Rg8 Kh7 51. Rc8 Rd4+ 52. Kc2 Rd5 53. Be3 Bxe5 54. Bxc5 h4 0-1

[Event "ChessOrg Schachfestival 2024 Bad Wörishofen"]
[White "Neumann, Joachim"]
[Black "Diotallevi, Maurizio"]
[Site "Bad Woerishofen"]
[Round "9.11"]
[Annotator "wempe"]
[Result "1/2-1/2"]
[Date "2024.??.??"]
[WhiteElo "2062"]
[BlackElo "1959"]
[PlyCount "31"]
[GameId "2116969416327554"]
[EventDate "2024.03.16"]

1. d4 d5 2. Bf4 e6 3. e3 c6 4. Nd2 f5 5. Ngf3 Nf6 6. Bd3 Be7 7. Qe2 a5 8. Ne5 Nbd7 9. h3 g6 10. Ndf3 Nxe5 11. Bxe5 O-O 12. O-O Nd7 13. Bh2 Bf6 14. Ne5 Nxe5 15. Bxe5 Bxe5 16. dxe5 1/2-1/2

[Event "ChessOrg Schachfestival 2024 Bad Wörishofen"]
[White "Stern, Robert"]
[Black "Kirby, Peter"]
[Site "Bad Woerishofen"]
[Round "9.12"]
[Annotator "wempe"]
[Result "1/2-1/2"]
[Date "2024.??.??"]
[WhiteElo "1962"]
[BlackElo "1980"]
[PlyCount "77"]
[GameId "2116969971573132"]
[EventDate "2024.03.16"]

1. e4 c5 2. Nf3 e6 3. b3 b6 4. Bb2 Bb7 5. Nc3 Nc6 6. d4 cxd4 7. Nxd4 Nf6 8. Nxc6 Bxc6 9. Bd3 Qc7 10. Qe2 Be7 11. O-O-O O-O 12. Kb1 Rfd8 13. e5 Nd5 14. Nxd5 Bxd5 15. Be4 Bxe4 16. Qxe4 Qc6 17. Rhe1 Qxe4 18. Rxe4 d5 19. exd6 Rxd6 20. Red4 Rad8 21. Rxd6 Rxd6 22. Rxd6 Bxd6 23. h3 Bc5 24. f3 b5 25. Kc1 f6 26. Kd2 Kf7 27. Kd3 e5 28. a3 Ke6 29. c4 bxc4+ 30. Kxc4 Bb6 31. Kd3 Kd5 32. Bc1 f5 33. Bb2 g6 34. Bc3 Bc5 35. a4 e4+ 36. Ke2 Bd4 37. Bb4 Bc5 38. Bc3 Bd4 39. Bb4 1/2-1/2

[Event "ChessOrg Schachfestival 2024 Bad Wörishofen"]
[White "Krueger, Norbert"]
[Black "Kutschenko, Roland"]
[Site "Bad Woerishofen"]
[Round "9.13"]
[Annotator "wempe"]
[Result "1-0"]
[Date "2024.??.??"]
[WhiteElo "1993"]
[BlackElo "2024"]
[PlyCount "76"]
[GameId "2116971123126678"]
[EventDate "2024.03.16"]

1. e4 e5 2. Bc4 Nf6 3. d3 Bc5 4. Nc3 h6 5. f4 d6 6. Nf3 Nc6 7. f5 a6 8. a3 b5 9. Bb3 Bb7 10. Qe2 Nd4 11. Nxd4 Bxd4 12. Nd1 Qe7 13. Be3 Bxe3 14. Nxe3 Rd8 15. O-O d5 16. exd5 Bxd5 17. Nxd5 Nxd5 18. Rae1 Qc5+ 19. Kh1 f6 20. Qh5+ Kd7 21. c4 Nf4 22. Qf3 Qc6 23. Re4 Rhe8 24. Rd1 Qb6 25. d4 Kc8 26. cxb5 axb5 27. d5 Kb8 28. Rb4 c5 29. dxc6 Rxd1+ 30. Bxd1 Rd8 31. Ba4 Kc7 32. Rxb5 Qxc6 33. Qxc6+ Kxc6 34. Rxe5+ Kb6 35. Rb5+ Ka6 36. Rb4 Nd3 37. Bb5+ Ka5 38. Bxd3 Rxd3 1-0

[Event "ChessOrg Schachfestival 2024 Bad Wörishofen"]
[White "Remensberger, Hansuli"]
[Black "Wild, Helmut"]
[Site "Bad Woerishofen"]
[Round "9.14"]
[Annotator "wempe"]
[Result "1-0"]
[Date "2024.??.??"]
[WhiteElo "2024"]
[BlackElo "1953"]
[PlyCount "69"]
[GameId "2116971571425696"]
[EventDate "2024.03.16"]

1. d4 d5 2. Nf3 Bf5 3. Bf4 e6 4. e3 c6 5. c4 Bd6 6. Bg3 h6 7. Nc3 Bxg3 8. hxg3 Nd7 9. Qd3 Qb6 10. c5 Qc7 11. Qd1 e5 12. b4 Ngf6 13. Be2 Bg4 14. O-O O-O 15. a4 Ne4 16. Rc1 Nxc3 17. Rxc3 a5 18. b5 cxb5 19. axb5 a4 20. Ra3 exd4 21. exd4 Rfe8 22. Qd2 Qa5 23. Qxa5 Rxa5 24. Bd3 Kf8 25. Rfa1 Bxf3 26. gxf3 g6 27. Kf1 Rea8 28. Ke2 Nf6 29. Kd2 Ne8 30. Kc3 Nc7 31. b6 Ne6 32. Bc2 Nd8 33. Rxa4 Rxa4 34. Rxa4 Rb8 35. Bb3 1-0

[Event "ChessOrg Schachfestival 2024 Bad Wörishofen"]
[White "Remensberger, Paul"]
[Black "Schmieder, Siegfried"]
[Site "Bad Woerishofen"]
[Round "9.16"]
[Annotator "wempe"]
[Result "1-0"]
[Date "2024.??.??"]
[WhiteElo "2019"]
[BlackElo "1892"]
[PlyCount "61"]
[GameId "2116973244170674"]
[EventDate "2024.03.16"]

1. d4 f5 2. Nf3 Nf6 3. c4 g6 4. e3 Bg7 5. b4 d6 6. Be2 O-O 7. Bb2 Nbd7 8. O-O Ne4 9. Qc2 e6 10. Nc3 Ndf6 11. Bd3 Nxc3 12. Bxc3 b6 13. Nd2 Bb7 14. f3 Nh5 15. Rae1 Qf6 16. f4 Qh4 17. Be2 Nf6 18. Bf3 Bxf3 19. Nxf3 Qh6 20. Nd2 Rae8 21. Rf3 g5 22. fxg5 Qxg5 23. Rg3 Qh5 24. Rf1 Kh8 25. d5 exd5 26. Rxf5 Qh6 27. Rfg5 Rf7 28. Qf5 Ref8 29. Rh3 Ne4 30. Bxg7+ Qxg7 31. Rxg7 1-0

[Event "ChessOrg Schachfestival 2024 Bad Wörishofen"]
[White "Rubke, Manfred"]
[Black "Walther, Reinhard"]
[Site "Bad Woerishofen"]
[Round "9.18"]
[Annotator "wempe"]
[Result "1-0"]
[Date "2024.??.??"]
[WhiteElo "2109"]
[BlackElo "1999"]
[PlyCount "91"]
[GameId "2116975449321923"]
[EventDate "2024.03.16"]

1. c4 c6 2. Nf3 d5 3. b3 Nf6 4. Bb2 Bf5 5. d3 Nbd7 6. g3 e6 7. Bg2 h6 8. O-O Qc7 9. Nbd2 Be7 10. cxd5 exd5 11. e4 dxe4 12. dxe4 Be6 13. Nd4 O-O 14. Nxe6 fxe6 15. f4 Rad8 16. Qe2 e5 17. f5 Nc5 18. Rad1 Nd3 19. Nc4 Nxb2 20. Nxb2 Bc5+ 21. Kh1 Rd4 22. Rxd4 Bxd4 23. Nc4 Rd8 24. Nd2 Bb6 25. Nf3 Ng4 26. h3 Ne3 27. Re1 Rd7 28. Qb2 Qd8 29. Kh2 Rd1 30. Rxd1 Qxd1 31. Qd2 Nf1+ 32. Bxf1 Qxf3 33. Bc4+ Kf8 34. Qd6+ Ke8 35. Qxe5+ Kf8 36. Qb8+ Ke7 37. Qxb7+ Kd6 38. Qb8+ Kc5 39. Qf8+ Kd4 40. Qxg7+ Kc5 41. Qb2 Qxe4 42. f6 Qf3 43. f7 Kd6 44. Qd2+ Kc5 45. a3 a5 46. Qg2 1-0

[Event "ChessOrg Schachfestival 2024 Bad Wörishofen"]
[White "Cerpnjak, Mirko"]
[Black "Fiedler, Wolfgang"]
[Site "Bad Woerishofen"]
[Round "9.19"]
[Annotator "wempe"]
[Result "1/2-1/2"]
[Date "2024.??.??"]
[WhiteElo "1839"]
[BlackElo "1979"]
[PlyCount "46"]
[GameId "2116976696447446"]
[EventDate "2024.03.16"]

1. d4 g6 2. Nf3 Bg7 3. c4 d6 4. Nc3 Nc6 5. h3 e5 6. dxe5 dxe5 7. Qxd8+ Nxd8 8. e4 Ne6 9. Be3 c6 10. Bd3 f6 11. c5 Bh6 12. Na4 Bxe3 13. fxe3 Nh6 14. O-O Ke7 15. Rad1 Nf7 16. Rf2 Nc7 17. Bc4 Be6 18. Bxe6 Nxe6 19. Rfd2 Rad8 20. Kf2 Rxd2+ 21. Rxd2 Rd8 22. Ke2 Rd7 23. Rxd7+ Kxd7 1/2-1/2

[Event "ChessOrg Schachfestival 2024 Bad Wörishofen"]
[White "Bohnstorff, Michael"]
[Black "Wuest, Klaus"]
[Site "Bad Woerishofen"]
[Round "9.20"]
[Annotator "wempe"]
[Result "1/2-1/2"]
[Date "2024.??.??"]
[WhiteElo "2043"]
[BlackElo "1937"]
[PlyCount "88"]
[GameId "2117309613297746"]
[EventDate "2024.03.16"]

1. d4 Nf6 2. Nf3 g6 3. Nbd2 d5 4. Ne5 Bg7 5. e3 O-O 6. Be2 Nbd7 7. f4 Ne4 8. Nxe4 dxe4 9. O-O Nxe5 10. fxe5 b6 11. Bc4 Bb7 12. c3 e6 13. b3 Qg5 14. Qe2 Rad8 15. Ba3 Rfe8 16. Rad1 Bf8 17. Bxf8 Rxf8 18. Rf4 Kg7 19. Rdf1 c5 20. Qf2 Qe7 21. Rf6 a6 22. a4 Bd5 23. Qh4 Rd7 24. Bxa6 Bxb3 25. Bb5 Ra7 26. h3 Qc7 27. Qxe4 Bxa4 28. Bxa4 Rxa4 29. Qf3 Qe7 30. Rb1 Ra3 31. Rxb6 Rxc3 32. Rb7 Qe8 33. Qe4 cxd4 34. exd4 Qc6 35. Qxc6 Rxc6 36. Kf2 Rc2+ 37. Kf3 Rd2 38. Rd7 Kg8 39. Rf4 Rd1 40. Kg4 h6 41. h4 Rd2 42. g3 h5+ 43. Kf3 Rd3+ 44. Kg2 Rd2+ 1/2-1/2

[Event "ChessOrg Schachfestival 2024 Bad Wörishofen"]
[White "McAndrew, Robert"]
[Black "Bhend, Edwin"]
[Site "Bad Woerishofen"]
[Round "9.21"]
[Annotator "wempe"]
[Result "1/2-1/2"]
[Date "2024.??.??"]
[WhiteElo "1935"]
[BlackElo "2113"]
[PlyCount "38"]
[GameId "2117310161510517"]
[EventDate "2024.03.16"]

1. c4 f5 2. g3 Nf6 3. Bg2 g6 4. Nc3 Bg7 5. d3 d6 6. e4 Nc6 7. Nge2 O-O 8. O-O e5 9. Nd5 Rb8 10. Bg5 Ne7 11. Qd2 c6 12. Nxf6+ Bxf6 13. Bxf6 Rxf6 14. d4 Be6 15. b3 Qc7 16. f4 Rbf8 17. Rad1 fxe4 18. Bxe4 Bg4 19. fxe5 Rxf1+ 1/2-1/2

[Event "ChessOrg Schachfestival 2024 Bad Wörishofen"]
[White "Heid, Michael"]
[Black "Rauch, Uwe"]
[Site "Bad Woerishofen"]
[Round "9.22"]
[Annotator "wempe"]
[Result "1-0"]
[Date "2024.??.??"]
[WhiteElo "1944"]
[BlackElo "2083"]
[PlyCount "77"]
[GameId "2117310713634943"]
[EventDate "2024.03.16"]

1. d4 Nf6 2. Bg5 e6 3. Nf3 c5 4. c3 Nc6 5. e3 cxd4 6. exd4 h6 7. Bh4 Be7 8. Bd3 b6 9. Nbd2 Bb7 10. O-O Rc8 11. Bg3 d6 12. Qe2 O-O 13. Rad1 Nh5 14. Rfe1 Nxg3 15. hxg3 Nb8 16. Nf1 Nd7 17. Ne3 Nf6 18. Nh2 Qc7 19. Nhg4 Qc6 20. Bb5 Qc7 21. Bd3 Rfe8 22. Bb5 Nxg4 23. Qxg4 Red8 24. d5 Bxd5 25. Rxd5 exd5 26. Nxd5 Qc5 27. Nxe7+ Kf8 28. Nxc8 Qxb5 29. Nxd6 Qd3 30. Nf5 g6 31. Nd4 Kg7 32. Qe4 Qd2 33. Re2 Qc1+ 34. Kh2 Qd1 35. Qe5+ Kg8 36. g4 b5 37. Qxb5 Kh7 38. Qe5 Qd3 39. Qe7 1-0

[Event "ChessOrg Schachfestival 2024 Bad Wörishofen"]
[White "Niesswohl, Werner"]
[Black "Marshall, Michael"]
[Site "Bad Woerishofen"]
[Round "9.23"]
[Annotator "wempe"]
[Result "0-1"]
[Date "2024.??.??"]
[WhiteElo "1699"]
[BlackElo "1874"]
[PlyCount "50"]
[GameId "2117311272198283"]
[EventDate "2024.03.16"]

1. e4 c5 2. Nf3 e6 3. d4 cxd4 4. Nxd4 Nc6 5. Nc3 Qc7 6. Be3 a6 7. Qd2 Nf6 8. a3 Be7 9. O-O-O b5 10. Ndxb5 axb5 11. Bxb5 O-O 12. h3 Bb7 13. f4 d6 14. g4 Na7 15. Bd3 d5 16. g5 Nxe4 17. Nxe4 dxe4 18. Be2 Rfd8 19. Qe1 Bc6 20. Qc3 Rac8 21. Bd4 Nb5 22. Bxb5 Bxb5 23. Bxg7 Qxf4+ 24. Kb1 Rxc3 25. Bxc3 Rxd1+ 0-1